Library Banner

Religions of South Asia (Record no. 46699)

MARC details
000 -LEADER
fixed length control field 00526nam a2200193Ia 4500
001 - CONTROL NUMBER
control field 48910
008 - FIXED-LENGTH DATA ELEMENTS--GENERAL INFORMATION
fixed length control field 140430s9999 xx 000 0 und d
020 ## - INTERNATIONAL STANDARD BOOK NUMBER
International Standard Book Number 9789694944883
040 ## - CATALOGING SOURCE
Transcribing agency PK-LaUMT
082 ## - DEWEY DECIMAL CLASSIFICATION NUMBER
Classification number 294
Item number VIQ-R
100 ## - MAIN ENTRY--PERSONAL NAME
Personal name Viqar Zaman
245 ## - TITLE STATEMENT
Title Religions of South Asia
Remainder of title unity in diversity
Statement of responsibility, etc Viqar Zaman<>Gul Afroz Zaman
260 ## - PUBLICATION, DISTRIBUTION, ETC. (IMPRINT)
Place of publication, distribution, etc Karachi,Pakistan:
Name of publisher, distributor, etc Paramount Publishing Enterprise,
Date of publication, distribution, etc 2007
300 ## - PHYSICAL DESCRIPTION
Extent 118 p.
546 ## - LANGUAGE NOTE
Language note EN
650 ## - SUBJECT ADDED ENTRY--TOPICAL TERM
Topical term or geographic name as entry element Indic religions
700 ## - ADDED ENTRY--PERSONAL NAME
Personal name Gul Afroz Zaman
942 ## - ADDED ENTRY ELEMENTS (KOHA)
Koha item type Books
Holdings
Withdrawn status Lost status Damaged status Not for loan Home library Current library Date acquired Total Checkouts Full call number Barcode Date last seen Date checked out Price effective from Koha item type
        UMT Main Campus UMT Main Campus 2014-04-30 1 294 VIQ-R 58247 2025-05-27 2022-03-15 2014-05-06 Books